Cruelle enigme (Record no. 36361)

MARC details
000 -LEADER
campo de control de longitud fija 00472nam a2200169 i 4500
001 - NÚMERO DE CONTROL
campo de control 36361
003 - IDENTIFICADOR DE NÚMERO DE CONTROL
campo de control ES-MaACL
005 - FECHA Y HORA DE LA ÚLTIMA TRANSACCIÓN
campo de control 20230906155344.0
007 - CAMPO FIJO DE DESCRIPCIÓN FÍSICA--INFORMACIÓN GENERAL
campo de control de longitud fija t|
008 - DATOS DE LONGITUD FIJA--INFORMACIÓN GENERAL
campo de control de longitud fija 030218s1903 fr ||||1| fre d
100 1# - ENTRADA PRINCIPAL--NOMBRE DE PERSONA
Nombre de persona Bourget, Paul (
Fechas asociadas al nombre 1852-1935)
9 (RLIN) 30991
245 10 - MENCIÓN DEL TÍTULO
Título Cruelle enigme
Resto del título : profils pardus /
Mención de responsabilidad, etc. Paul Bourget.
250 ## - MENCION DE EDICION
Mención de edición Editions définitive.
260 ## - PUBLICACIÓN, DISTRIBUCIÓN, ETC.
Lugar de publicación, distribución, etc. Paris :
Nombre del editor, distribuidor, etc. Plon, Nourrit et Cie,
Fecha de publicación, distribución, etc. [1903]
300 ## - DESCRIPCIÓN FÍSICA
Extensión 297 p. ;
Dimensiones 19 cm.
852 ## - LOCALIZACIÓN
Ubicación ES-MaACL
Número de control de estantería B-3335
Holdings
Estatus retirado Estado de pérdida Estado de daño No para préstamo Biblioteca de origen Biblioteca actual Ubicación en estantería Fecha de adquisición Fuente de adquisición Total de préstamos Signatura topográfica completa Código de barras Visto por última vez Precio de reemplazo Tipo de ítem Koha
        Biblioteca del Ateneo de Madrid Biblioteca del Ateneo de Madrid Sala Pardo Bazán 17/01/2008     B-3335 1038178 23/02/2023 23/02/2023 Libro impreso